| 000 | 00586nam a2200193Ia 4500 | ||
|---|---|---|---|
| 005 | 20250508162137.0 | ||
| 008 | 008 250505s9999 xx 000 0 eng d | ||
| 037 | _aTextual | ||
| 040 |
_aFEDL _beng _cFEDL |
||
| 041 |
_aeng _2eng |
||
| 084 |
_a371.2, SAY _qFEDL |
||
| 100 |
_aOmer Bin Sayeed _9772423 |
||
| 245 | 0 | _aCorrelates of organizational health, productivity and effectiveness | |
| 260 |
_aBombay, India _bHimalaya Publishing House _c1980 |
||
| 300 | _axv,187p. | ||
| 650 | _aSchool Administration | ||
| 942 |
_cTEXL _h371.2, SAY |
||
| 999 |
_c1374639 _d1374639 |
||